[Event "Montseny op 3rd"]
[Site "Montseny"]
[Date "2012.05.19"]
[Round "6"]
[White "Capellades Subirana, Laura"]
[Black "Vargas Drechsler, Carlos"]
[Result "1/2-1/2"]
[WhiteElo "1659"]
[BlackElo "1884"]
[PlyCount "47"]
[EventDate "2012.04.14"]
[EventType "swiss"]
[EventRounds "8"]
[EventCountry "ESP"]
[SourceTitle "CBM 148 Extra"]
[Source "ChessBase"]
[SourceDate "2012.06.22"]
[SourceVersion "1"]
[SourceVersionDate "2012.06.22"]
[SourceQuality "1"]

1. e4 e5 2. Nf3 Nc6 3. c3 Nf6 4. d4 Nxe4 5. d5 Bc5 6. Be3 Bxe3 7. fxe3 Nb8 8.
Qa4 f5 9. Nbd2 Nxd2 10. Nxd2 O-O 11. O-O-O d6 12. g3 Nd7 13. Bg2 b6 14. Rhf1
Nc5 15. Qc2 Ba6 16. c4 Qd7 17. b4 Ne4 18. Nxe4 fxe4 19. Bxe4 Qg4 20. Bxh7+ Kh8
21. b5 Bb7 22. Qe4 Qxe4 23. Bxe4 a6 24. a4 1/2-1/2

[Event "Sachsen Anhalt-ch 22nd"]
[Site "Halle"]
[Date "2012.05.18"]
[Round "4"]
[White "Pichler, Manfred"]
[Black "Strache, Michael"]
[Result "1/2-1/2"]
[WhiteElo "2118"]
[BlackElo "2315"]
[PlyCount "33"]
[EventDate "2012.05.17"]
[EventType "tourn"]
[EventRounds "7"]
[EventCountry "GER"]
[SourceTitle "EXT 2013"]
[Source "ChessBase"]
[SourceDate "2012.11.22"]
[SourceVersion "1"]
[SourceVersionDate "2012.11.22"]
[SourceQuality "1"]

1. e4 e5 2. Nf3 Nc6 3. c3 d5 4. Qa4 Bd7 5. exd5 Nd4 6. Qd1 Nxf3+ 7. Qxf3 Nf6 8.
Bc4 e4 9. Qe2 Bd6 10. d3 O-O 11. dxe4 Nxe4 12. Be3 Qh4 13. Nd2 Nxd2 14. Kxd2
Rfe8 15. g3 Qf6 16. Qh5 Re5 17. Qd1 1/2-1/2

[Event "RN-2012-0-00481"]
[Site "Lechenicher SchachServer"]
[Date "2012.05.16"]
[Round "?"]
[White "Tobey, Al"]
[Black "Ballarin, Alessandro"]
[Result "0-1"]
[WhiteElo "586"]
[BlackElo "888"]
[PlyCount "82"]
[EventDate "2012.05.03"]

1. e4 e5 2. Nf3 Nc6 3. c3 Nf6 4. d3 Be7 5. Be2 d6 6. O-O Be6 7. Ng5 O-O 8. Nxe6
fxe6 9. Nd2 d5 10. exd5 exd5 11. Nb3 d4 12. Bf3 dxc3 13. bxc3 Bd6 14. Bg5 Qd7
15. Nd2 h6 16. Be3 Rab8 17. Qb3+ Rf7 18. Ne4 Nxe4 19. Bxe4 b6 20. Bd5 Rbf8 21.
Bxf7+ Rxf7 22. f4 Kh7 23. Qc2 exf4 24. d4+ Kg8 25. Bf2 Qg4 26. Rae1 f3 27. g3
Qh3 28. Be3 Ne7 29. Rf2 Bxg3 30. Ref1 Bxf2+ 31. Rxf2 Rf6 32. Qb3+ Kh8 33. Qb5
Rg6+ 34. Kh1 Qg4 35. Qf1 Nd5 36. Bd2 a5 37. Rxf3 Qe4 38. Qh3 Qb1+ 39. Rf1 Qxa2
40. Be1 Ne3 41. Qxe3 Qg2# 0-1

[Event "RN-2012-0-00481"]
[Site "Lechenicher SchachServer"]
[Date "2012.05.16"]
[Round "?"]
[White "Tobey, Al"]
[Black "Ventura, Bob"]
[Result "0-1"]
[WhiteElo "586"]
[BlackElo "810"]
[PlyCount "76"]
[EventDate "2012.05.03"]

1. e4 e5 2. Nf3 Nc6 3. c3 Nf6 4. d3 h6 5. Be2 d5 6. Nbd2 dxe4 7. dxe4 Bc5 8.
O-O Be6 9. b4 Bb6 10. Qc2 O-O 11. g3 Qc8 12. Nc4 Bxc4 13. Bxc4 Qh3 14. Re1 Ng4
15. Bf1 Qh5 16. Re2 Rad8 17. h3 Nf6 18. Bg2 Rd7 19. Nh4 g5 20. Nf5 Rfd8 21. g4
Qg6 22. Be3 h5 23. gxh5 Qxh5 24. Ng3 Qh6 25. Nf5 Qh5 26. a4 Bxe3 27. Nxe3 Kg7
28. Nf5+ Kg6 29. Ng3 Qh4 30. Rae1 Rh8 31. Nf5 Qf4 32. Ne3 g4 33. hxg4 Nxg4 34.
Nxg4 Qxg4 35. f3 Qg3 36. Kf1 f6 37. Qb3 Nd8 38. a5 Rdh7 0-1

[Event "Warsaw YMCA 104th"]
[Site "Warsaw"]
[Date "2012.05.15"]
[Round "6"]
[White "Jackiewicz, Jerzy"]
[Black "Rozycki, Dariusz"]
[Result "1-0"]
[WhiteElo "1668"]
[BlackElo "1500"]
[PlyCount "121"]
[EventDate "2012.04.10"]
[EventType "tourn"]
[EventRounds "11"]
[EventCountry "POL"]
[SourceTitle "EXT 2013"]
[Source "ChessBase"]
[SourceDate "2012.11.22"]
[SourceVersion "1"]
[SourceVersionDate "2012.11.22"]
[SourceQuality "1"]

1. e4 e5 2. Nf3 Nc6 3. c3 d5 4. exd5 Qxd5 5. c4 Qd8 6. Nc3 Bg4 7. Be2 f5 8. h3
Bh5 9. Nxe5 Nxe5 10. Bxh5+ g6 11. Be2 Nd3+ 12. Bxd3 Qxd3 13. Qe2+ Qxe2+ 14.
Nxe2 O-O-O 15. O-O Bc5 16. Rb1 Nf6 17. b4 Be7 18. d4 h6 19. d5 g5 20. f3 g4 21.
fxg4 fxg4 22. h4 g3 23. Nxg3 Rdg8 24. Nf5 Bd8 25. Nxh6 Rg6 26. Bg5 Rgxh6 27.
Bxh6 Rxh6 28. g3 Ne4 29. Rf8 Nxg3 30. Rb3 Ne2+ 31. Kf2 Nc1 32. Rg3 Rf6+ 33.
Rxf6 Bxf6 34. Rg4 Nd3+ 35. Ke3 Nxb4 36. a4 Kd7 37. Ke4 Kd6 38. Rg6 Ke7 39. h5
Kf7 40. Kf5 Bc3 41. h6 Nc2 42. Rg1 Bd4 43. Rc1 Na3 44. Rd1 Bh8 45. c5 Nc2 46.
Rb1 b6 47. Rc1 Nd4+ 48. Ke4 Nb3 49. cxb6 cxb6 50. Rc7+ Kg6 51. h7 a5 52. d6
Nc5+ 53. Kd5 Kf5 54. Rc8 Bf6 55. h8=Q Bxh8 56. Rxh8 Kf6 57. Kc6 Ke6 58. Rh6+
Kf7 59. d7 Ke7 60. Rh7+ Kd8 61. Rh8+ 1-0

[Event "SRB-chT Cup"]
[Site "Kragujevac"]
[Date "2012.05.14"]
[Round "1"]
[White "Brankovic, Dejan"]
[Black "Pavlovic, Milos"]
[Result "0-1"]
[WhiteElo "2357"]
[BlackElo "2519"]
[PlyCount "70"]
[EventDate "2012.05.14"]
[EventType "team-swiss"]
[EventRounds "7"]
[EventCountry "SRB"]
[SourceTitle "CBM 148 Extra"]
[Source "ChessBase"]
[SourceDate "2012.06.22"]
[SourceVersion "1"]
[SourceVersionDate "2012.06.22"]
[SourceQuality "1"]
[WhiteTeam "Paracin"]
[BlackTeam "Belgrade Lasta"]
[WhiteTeamCountry "SRB"]
[BlackTeamCountry "SRB"]

1. e4 e5 2. Nf3 Nc6 3. c3 Nf6 4. d4 Nxe4 5. d5 Ne7 6. Nxe5 Ng6 7. Nxg6 hxg6 8.
Qe2 Qe7 9. Nd2 Nf6 10. c4 c6 11. dxc6 dxc6 12. Nf3 Bg4 13. Qxe7+ Bxe7 14. Be2
Bb4+ 15. Bd2 Bxd2+ 16. Nxd2 Bxe2 17. Kxe2 O-O-O 18. Rhe1 Rd4 19. Nf3 Re8+ 20.
Kf1 Rxc4 21. Rxe8+ Nxe8 22. Ke2 Rc2+ 23. Ke3 Rxb2 24. Ne5 Nd6 25. Rd1 Rb5 26.
f4 Kc7 27. h4 Rc5 28. g4 Nc4+ 29. Nxc4 Rxc4 30. h5 g5 31. Rf1 gxf4+ 32. Rxf4
Rxf4 33. Kxf4 Kd6 34. Kf5 Ke7 35. g5 c5 0-1

[Event "IRT SANTISIMO"]
[Site "?"]
[Date "2012.05.14"]
[Round "?"]
[White "Granados, Marcelo"]
[Black "Guzman, Christian"]
[Result "0-1"]
[WhiteElo "1640"]
[BlackElo "1682"]
[PlyCount "78"]
[EventDate "2012.??.??"]
[SourceTitle "OM OTB B 201907"]
[Source "Opening Master"]
[SourceDate "2019.07.06"]
[SourceVersion "2"]
[SourceVersionDate "2019.07.06"]
[SourceQuality "1"]

1. e4 e5 2. Nf3 Nc6 3. c3 Nf6 4. Bc4 h6 5. O-O Bc5 6. d4 exd4 7. cxd4 Bb6 8. e5
Ng8 9. Re1 Nge7 10. a3 O-O 11. Be3 d5 12. exd6 Qxd6 13. d5 Bxe3 14. Rxe3 Bg4
15. Nbd2 Bxf3 16. Nxf3 Na5 17. Ba2 b6 18. Qd3 Rad8 19. Rd1 Nb7 20. b4 a5 21.
bxa5 Nxa5 22. Bb1 g6 23. Qb5 Nb7 24. Ne5 Nxd5 25. Ba2 Nc3 26. Rxd6 Nxb5 27.
Nxf7 Rxf7 28. Rxd8+ Nxd8 29. Re8+ Kg7 30. Rxd8 Re7 31. g3 Nxa3 32. Bd5 Nb5 33.
Kg2 Nd6 34. Bc6 Nf7 35. h4 Ne5 36. Ba4 c5 37. Rb8 Re6 38. f4 Nd3 39. Rb7+ Kf6
0-1

[Event "Copenhagen Challenge"]
[Site "Ballerup"]
[Date "2012.05.06"]
[Round "9"]
[White "Danielsen, Henrik"]
[Black "Andersen, Mads"]
[Result "0-1"]
[WhiteElo "2498"]
[BlackElo "2431"]
[PlyCount "64"]
[EventDate "2012.05.02"]
[EventType "swiss"]
[EventRounds "9"]
[EventCountry "DEN"]
[SourceTitle "CBM 148 Extra"]
[Source "ChessBase"]
[SourceDate "2012.06.22"]
[SourceVersion "1"]
[SourceVersionDate "2012.06.22"]
[SourceQuality "1"]

1. e4 e5 2. Nf3 Nc6 3. c3 Nf6 4. d3 Be7 5. g3 O-O 6. Bg2 d6 7. O-O Re8 8. Nbd2
Bf8 9. b4 a6 10. Bb2 g6 11. a4 Bg7 12. Re1 h6 13. Qc2 Qe7 14. Ba3 Nb8 15. d4
Nbd7 16. b5 Nh7 17. Nc4 Ng5 18. Nxg5 hxg5 19. b6 Nxb6 20. Bxd6 Qd8 21. Nxb6
cxb6 22. dxe5 Bxe5 23. Rad1 Bxd6 24. e5 Qe7 25. Bc6 bxc6 26. exd6 Qxe1+ 27.
Rxe1 Rxe1+ 28. Kg2 Bf5 29. Qd2 Re6 30. g4 Be4+ 31. f3 Bd5 32. a5 Rxd6 0-1

[Event "Sant Adria op 8th"]
[Site "Sant Adria"]
[Date "2012.05.06"]
[Round "4"]
[White "Vazquez Gamero, Miguel"]
[Black "Andinach Carrasco, Javier"]
[Result "1-0"]
[WhiteElo "2087"]
[BlackElo "1873"]
[PlyCount "55"]
[EventDate "2012.04.15"]
[EventType "swiss"]
[EventRounds "9"]
[EventCountry "ESP"]
[SourceTitle "CBM 148 Extra"]
[Source "ChessBase"]
[SourceDate "2012.06.22"]
[SourceVersion "1"]
[SourceVersionDate "2012.06.22"]
[SourceQuality "1"]

1. e4 e5 2. Nf3 Nc6 3. c3 d6 4. d4 Be7 5. Bc4 Nf6 6. Nbd2 O-O 7. O-O Bg4 8. d5
Nb8 9. Re1 c6 10. Qb3 Qb6 11. Qc2 cxd5 12. exd5 Nbd7 13. a4 Rac8 14. a5 Qc5 15.
Ra4 Bxf3 16. Nxf3 Qxc4 17. Rxc4 Rxc4 18. Qb3 Rc7 19. Be3 a6 20. Rd1 Rfc8 21. h3
h6 22. Qc2 Bd8 23. Nh4 Ng4 24. Nf5 Nxe3 25. fxe3 Rc5 26. Nxd6 R8c7 27. Qf5 Bf6
28. Ne8 1-0

[Event "Llinars del Valles op-B 6th"]
[Site "Llinars del Valles"]
[Date "2012.05.05"]
[Round "4"]
[White "Bertran Milia, Eduard"]
[Black "Martinez Arranz, Leire"]
[Result "1-0"]
[WhiteElo "1707"]
[BlackElo "1296"]
[PlyCount "29"]
[EventDate "2012.04.14"]
[EventType "swiss"]
[EventRounds "9"]
[EventCountry "ESP"]
[SourceTitle "EXT 2013"]
[Source "ChessBase"]
[SourceDate "2012.11.22"]
[SourceVersion "1"]
[SourceVersionDate "2012.11.22"]
[SourceQuality "1"]

1. e4 e5 2. Nf3 Nc6 3. c3 Nf6 4. d4 Bd6 5. Bd3 O-O 6. O-O Qe7 7. Bg5 h6 8. Bh4
exd4 9. cxd4 Bb4 10. e5 g5 11. exf6 Qxf6 12. Bg3 Nxd4 13. Nxd4 Bc5 14. Nf3 Qxb2
15. Be5 1-0

[Event "Copenhagen Challenge"]
[Site "Ballerup"]
[Date "2012.05.03"]
[Round "3"]
[White "Poulsen, Iver"]
[Black "Leosson, Atli Johann"]
[Result "1-0"]
[WhiteElo "2084"]
[BlackElo "1715"]
[PlyCount "73"]
[EventDate "2012.05.02"]
[EventType "swiss"]
[EventRounds "9"]
[EventCountry "DEN"]
[SourceTitle "CBM 148 Extra"]
[Source "ChessBase"]
[SourceDate "2012.06.22"]
[SourceVersion "1"]
[SourceVersionDate "2012.06.22"]
[SourceQuality "1"]

1. e4 e5 2. Nf3 Nc6 3. c3 d5 4. Qa4 Qd6 5. Bb5 Bd7 6. d4 exd4 7. exd5 Qxd5 8.
cxd4 a6 9. Nc3 Bb4 10. Bxc6 Bxc3+ 11. bxc3 Bxc6 12. Qc2 Bb5 13. Be3 Nf6 14.
O-O-O O-O-O 15. Ne5 Bc6 16. c4 Qe6 17. Nxc6 Qxc6 18. d5 Qe8 19. Rhe1 Qe4 20.
Qxe4 Nxe4 21. Kc2 Nd6 22. Kc3 b6 23. a4 a5 24. Bd4 Nf5 25. g4 Nxd4 26. Rxd4
Rhe8 27. Rde4 Kd7 28. Rxe8 Rxe8 29. Rxe8 Kxe8 30. c5 Kd7 31. Kc4 bxc5 32. Kxc5
g5 33. Kb5 Kd6 34. Kxa5 Kc5 35. Ka6 Kxd5 36. Kb5 c5 37. a5 1-0

[Event "3rd Phase Olympiad Team Qualifiers - Wo"]
[Site "Pope Paul Memorial Hotel "]
[Date "2012.05.01"]
[Round "6.5"]
[White "Nsubuga, Ritah"]
[Black "Angolikin, Goretti"]
[Result "1/2-1/2"]
[WhiteElo "2026"]
[BlackElo "2024"]
[PlyCount "43"]
[EventDate "2012.04.28"]
[EventRounds "11"]
[EventCountry "UGA"]
[SourceTitle "OM OTB B 201907"]
[Source "Opening Master"]
[SourceDate "2019.07.06"]
[SourceVersion "2"]
[SourceVersionDate "2019.07.06"]
[SourceQuality "1"]

1. e4 e5 2. Nf3 Nc6 3. c3 d6 4. d3 Nf6 5. Be2 Be7 6. h3 Bd7 7. Be3 O-O 8. c4
Ne8 9. g4 Rb8 10. Nc3 a6 11. a4 Nd4 12. Nxd4 exd4 13. Bxd4 c5 14. Be3 Nc7 15.
Nd5 Nxd5 16. cxd5 Bf6 17. Qd2 b5 18. axb5 axb5 19. O-O Bh4 20. f4 f6 21. Rac1
Qe8 22. Kg2 1/2-1/2

[Event "Ostrava Konik op-C"]
[Site "Ostrava"]
[Date "2012.05.01"]
[Round "4"]
[White "Lizner, Milan"]
[Black "Petrov, Bogoljub"]
[Result "1/2-1/2"]
[WhiteElo "2034"]
[BlackElo "1909"]
[PlyCount "23"]
[EventDate "2012.04.28"]
[EventType "swiss"]
[EventRounds "9"]
[EventCountry "CZE"]
[SourceTitle "CBM 148 Extra"]
[Source "ChessBase"]
[SourceDate "2012.06.22"]
[SourceVersion "1"]
[SourceVersionDate "2012.06.22"]
[SourceQuality "1"]

1. e4 e5 2. Nf3 Nc6 3. c3 f5 4. d4 fxe4 5. Nxe5 Nf6 6. Bc4 d5 7. Bb5 Bd7 8.
Bxc6 bxc6 9. O-O Bd6 10. Bg5 O-O 11. Nd2 Qe8 12. f4 1/2-1/2

[Event "corr VM2011/Rd.2/Gr.9 desc"]
[Site "www.desc-online.de"]
[Date "2012.05.01"]
[Round "?"]
[White "Vietz, Max"]
[Black "Elburg, John"]
[Result "1/2-1/2"]
[WhiteElo "2202"]
[BlackElo "2272"]
[PlyCount "46"]
[EventDate "2011.05.01"]
[EventType "team-tourn (corr)"]
[SourceTitle "OM Corr 202003"]
[Source "Opening Master"]
[SourceDate "2019.05.30"]
[SourceVersion "2"]
[SourceVersionDate "2019.05.30"]
[SourceQuality "1"]
[WhiteTeam "Südwester"]
[BlackTeam "SchemingMind"]

1. e4 e5 2. Nf3 Nc6 3. c3 Nf6 4. d4 Nxe4 5. d5 Ne7 6. Nxe5 Ng6 7. Qf3 Qe7 8.
Nxg6 hxg6 9. Be3 d6 10. Bb5+ Bd7 11. Bxd7+ Kxd7 12. Nd2 Nxd2 13. Kxd2 Rh5 14.
h4 Qf6 15. Qg4+ Qf5 16. Qa4+ c6 17. dxc6+ bxc6 18. Rad1 Qa5 19. Qb3 Qd5+ 20.
Qxd5 Rxd5+ 21. Kc2 Ra5 22. Kb1 Be7 23. g3 Re5 1/2-1/2

[Event "corr VM2011/Rd.2/Gr.9 desc"]
[Site "www.desc-online.de"]
[Date "2012.05.01"]
[Round "?"]
[White "Vietz, Max"]
[Black "Lipecki, Alexander"]
[Result "1-0"]
[WhiteElo "2202"]
[BlackElo "2076"]
[PlyCount "71"]
[EventDate "2011.05.01"]
[EventType "team-tourn (corr)"]
[SourceTitle "OM Corr 202003"]
[Source "Opening Master"]
[SourceDate "2019.05.30"]
[SourceVersion "2"]
[SourceVersionDate "2019.05.30"]
[SourceQuality "1"]
[WhiteTeam "Südwester"]
[BlackTeam "DESC 2"]

1. e4 e5 2. Nf3 Nc6 3. c3 d5 4. Qa4 Bd7 5. exd5 Nd4 6. Qd1 Nxf3+ 7. Qxf3 Nf6 8.
Bc4 e4 9. Qe2 Bd6 10. d4 O-O 11. Bg5 Re8 12. O-O h6 13. Bh4 g5 14. Bg3 Bxg3 15.
fxg3 Bg4 16. Qe1 Nxd5 17. Na3 c6 18. Bxd5 cxd5 19. Nc2 Kg7 20. Ne3 Be6 21. b3
a5 22. c4 a4 23. Qb4 axb3 24. cxd5 Bxd5 25. axb3 Rxa1 26. Rxa1 Kg8 27. Qc5 Bc6
28. d5 Bd7 29. Rf1 Qe7 30. Qb6 Kg7 31. h3 Bc8 32. d6 Qe5 33. Kh2 Rf8 34. Rd1
Qf6 35. b4 Bd7 36. Qxb7 1-0

[Event "corr VM2011/Rd.2/Gr.9 desc"]
[Site "www.desc-online.de"]
[Date "2012.05.01"]
[Round "?"]
[White "Vietz, Max"]
[Black "Wichert, Gerd"]
[Result "1/2-1/2"]
[WhiteElo "2202"]
[BlackElo "2312"]
[PlyCount "51"]
[EventDate "2011.05.01"]
[EventType "team-tourn (corr)"]
[SourceTitle "OM Corr 202003"]
[Source "Opening Master"]
[SourceDate "2019.05.30"]
[SourceVersion "2"]
[SourceVersionDate "2019.05.30"]
[SourceQuality "1"]
[WhiteTeam "Südwester"]
[BlackTeam "Germany"]
[BlackTeamCountry "GER"]

1. e4 e5 2. Nf3 Nc6 3. c3 Nf6 4. d4 Nxe4 5. d5 Ne7 6. Nxe5 Ng6 7. Qf3 Nf6 8.
Nxg6 hxg6 9. Be3 Rh5 10. c4 Bb4+ 11. Nd2 d6 12. Qd1 Bd7 13. Be2 Re5 14. a3 Ba5
15. b4 Bb6 16. Bxb6 axb6 17. Nf3 Re7 18. O-O Kf8 19. Re1 Re8 20. Qb3 Ne4 21.
Bd3 Qf6 22. Rac1 Ng5 23. Nxg5 Qxg5 24. Qc3 Re5 25. g3 Rxe1+ 26. Rxe1 1/2-1/2

[Event "corr VM2011/Rd.2/Gr.9 desc"]
[Site "www.desc-online.de"]
[Date "2012.05.01"]
[Round "?"]
[White "Wyk, Roger van"]
[Black "Oliveira, Diogo Luiz de"]
[Result "1/2-1/2"]
[WhiteElo "1800"]
[BlackElo "2114"]
[PlyCount "58"]
[EventDate "2011.05.01"]
[EventType "team-tourn (corr)"]
[SourceTitle "OM Corr 202003"]
[Source "Opening Master"]
[SourceDate "2019.05.30"]
[SourceVersion "2"]
[SourceVersionDate "2019.05.30"]
[SourceQuality "1"]
[WhiteTeam "Südwester"]
[BlackTeam "Brasil 1"]

1. e4 e5 2. Nf3 Nc6 3. c3 Nf6 4. d4 Nxe4 5. d5 Ne7 6. Nxe5 Ng6 7. Qf3 Nf6 8.
Nxg6 hxg6 9. Be3 Rh5 10. c4 Re5 11. Bd3 Bc5 12. O-O Bxe3 13. fxe3 Qe7 14. e4
Qb4 15. Nc3 d6 16. Qf2 Bd7 17. h3 Ke7 18. a3 Qb6 19. g4 Nh7 20. Qxb6 axb6 21.
Kg2 g5 22. Nb1 Nf8 23. Nd2 Ng6 24. Kf2 Rh8 25. Nf3 Kf8 26. Rh1 Re8 27. Nxg5 f6
28. Nf3 Nf4 29. Bc2 g5 1/2-1/2

[Event "SN-2012-0-00432"]
[Site "Lechenicher SchachServer"]
[Date "2012.04.30"]
[Round "?"]
[White "Garcia, Miguel Angel"]
[Black "Linart, Ludvík"]
[Result "0-1"]
[WhiteElo "404"]
[BlackElo "830"]
[PlyCount "82"]
[EventDate "2012.04.07"]

1. e4 e5 2. Nf3 Nc6 3. c3 Be7 4. Bc4 d6 5. h3 Nf6 6. d3 O-O 7. O-O a6 8. Nbd2
Na5 9. Nh4 b5 10. Bxf7+ Rxf7 11. Ndf3 c5 12. Nh2 Nxe4 13. dxe4 Bxh4 14. b4 cxb4
15. cxb4 Nc4 16. Qb3 Bb7 17. Qd3 Qb6 18. Be3 Qc7 19. Qe2 Raf8 20. Qg4 Bxf2+ 21.
Rxf2 Nxe3 22. Qg3 Qb6 23. Nf1 Nxf1 24. Raxf1 Bxe4 25. a3 Bd3 26. Qxd3 Rxf2 27.
Rxf2 Rxf2 28. Qf1 Rxf1+ 29. Kxf1 Qe3 30. h4 Qc1+ 31. Kf2 Qxa3 32. g4 Qxb4 33.
Kg3 Qf4+ 34. Kh3 b4 35. g5 b3 36. h5 b2 37. g6 b1=Q 38. gxh7+ Qxh7 39. h6
Qhxh6+ 40. Kg2 Qg6+ 41. Kh1 Qh4# 0-1

[Event "Bad Wiessee Seniors op"]
[Site "Bad Wiessee"]
[Date "2012.04.29"]
[Round "9"]
[White "Schruefer, Johann"]
[Black "Thonig, Manfred"]
[Result "1/2-1/2"]
[WhiteElo "1324"]
[BlackElo "1495"]
[PlyCount "84"]
[EventDate "2012.04.21"]
[EventType "swiss"]
[EventRounds "9"]
[EventCountry "GER"]
[SourceTitle "EXT 2015"]
[Source "ChessBase"]
[SourceDate "2014.11.20"]
[SourceVersion "1"]
[SourceVersionDate "2014.11.20"]
[SourceQuality "1"]

1. e4 e5 2. Nf3 Nc6 3. c3 Nf6 4. d3 a6 5. Be2 Bc5 6. h3 d6 7. O-O h6 8. Re1 Be6
9. Bf1 Qd7 10. d4 exd4 11. cxd4 Bb4 12. d5 Bxe1 13. Qxe1 Ne5 14. Nxe5 dxe5 15.
dxe6 Qxe6 16. b3 O-O-O 17. Bc4 Qd7 18. Nc3 b5 19. Be2 Qc6 20. f3 Qc5+ 21. Kh2
g5 22. Bb2 h5 23. Rc1 Qe7 24. Rc2 h4 25. Nd1 Nh5 26. Ne3 Nf4 27. Qa5 Kb7 28.
Qc3 Nxe2 29. Rxe2 f6 30. Rc2 Qd6 31. Nd5 Rh7 32. Bc1 Rdd7 33. b4 c6 34. Ne3 Rc7
35. Rd2 Qe6 36. Nf5 Rhd7 37. Rb2 Rc8 38. Be3 Qe8 39. Qc5 Kb8 40. Nd6 Qe7 41.
Nxc8 Qxc5 42. bxc5 Kxc8 1/2-1/2

[Event "ITA-chT"]
[Site "Arvier"]
[Date "2012.04.29"]
[Round "4"]
[White "Micheli, Carlo"]
[Black "Salvetti, Alec"]
[Result "0-1"]
[WhiteElo "2268"]
[BlackElo "2210"]
[PlyCount "82"]
[EventDate "2012.04.27"]
[EventType "team-swiss"]
[EventRounds "7"]
[EventCountry "ITA"]
[SourceTitle "CBM 148 Extra"]
[Source "ChessBase"]
[SourceDate "2012.06.22"]
[SourceVersion "1"]
[SourceVersionDate "2012.06.22"]
[SourceQuality "1"]
[WhiteTeam "Marostica Scacchi"]
[BlackTeam "Torveca"]
[WhiteTeamCountry "ITA"]
[BlackTeamCountry "ITA"]

1. e4 e5 2. Nf3 Nc6 3. c3 d5 4. Qa4 f6 5. exd5 Qxd5 6. d4 exd4 7. Bc4 Qe4+ 8.
Be3 Bd7 9. Bxg8 Rxg8 10. Nbd2 Qd5 11. Bxd4 Nb4 12. Qd1 Nd3+ 13. Kf1 Bb5 14. c4
Bxc4 15. Nxc4 Qxc4 16. b3 Qa6 17. Qe2+ Kf7 18. Kg1 Re8 19. Qc2 c5 20. Be3 Be7
21. h4 Rd8 22. h5 Rd5 23. Rh4 Rgd8 24. h6 g6 25. Ra4 Nb4 26. Qe4 Qc6 27. Rf1 a6
28. a3 b5 29. Ra5 Nd3 30. g4 Bd6 31. Rxa6 Bh2+ 32. Nxh2 Qxa6 33. a4 bxa4 34.
bxa4 Re5 35. Qf3 Qxa4 36. g5 f5 37. Rb1 Rd7 38. Rb8 Qe4 39. Qd1 f4 40. Bd2
Rxg5+ 41. Ng4 f3 0-1

[Event "SUI-chT"]
[Site "Switzerland"]
[Date "2012.04.29"]
[Round "3.1"]
[White "Borgo, Giulio"]
[Black "Bindrich, Falko"]
[Result "0-1"]
[WhiteElo "2415"]
[BlackElo "2539"]
[PlyCount "66"]
[EventDate "2012.03.18"]
[EventType "team-tourn"]
[EventRounds "9"]
[EventCountry "SUI"]
[SourceTitle "EXT 2013"]
[Source "ChessBase"]
[SourceDate "2012.11.22"]
[SourceVersion "1"]
[SourceVersionDate "2012.11.22"]
[SourceQuality "1"]
[WhiteTeam "Mendrisio"]
[BlackTeam "Luzern"]
[WhiteTeamCountry "SUI"]
[BlackTeamCountry "SUI"]

1. e4 e5 2. Nf3 Nc6 3. c3 Nf6 4. d4 d6 5. dxe5 dxe5 6. Qxd8+ Nxd8 7. Bd3 Nd7 8.
Be3 f6 9. Nbd2 Bc5 10. Ke2 Nf7 11. Bb5 c6 12. Bc4 Nd6 13. Ne1 Bxe3 14. Kxe3 Nc5
15. Nd3 Ncxe4 16. Bb3 Nxd2 17. Kxd2 Bf5 18. Rad1 O-O-O 19. Ke3 Rhe8 20. Nc1 Kc7
21. f3 a5 22. a3 a4 23. Ba2 Bc2 24. Rd2 Bf5 25. Rhd1 Be6 26. Bxe6 Rxe6 27. Ke2
Ree8 28. Rc2 Nc4 29. Rxd8 Rxd8 30. Nd3 b6 31. g4 h5 32. Nf2 hxg4 33. fxg4 g6
0-1

[Event "SN-2012-0-00432"]
[Site "Lechenicher SchachServer"]
[Date "2012.04.29"]
[Round "?"]
[White "Garcia, Miguel Angel"]
[Black "Mori, Roberto"]
[Result "0-1"]
[WhiteElo "404"]
[BlackElo "633"]
[PlyCount "62"]
[EventDate "2012.04.07"]

1. e4 e5 2. Nf3 Nc6 3. c3 Bc5 4. Bc4 Nf6 5. d3 h6 6. Nbd2 Ng4 7. Qe2 d6 8. g3
Bxf2+ 9. Kf1 Be3 10. h3 Bxd2 11. Bxd2 Nf6 12. Nh4 Na5 13. Bb5+ Bd7 14. c4 Nc6
15. Nf5 Bxf5 16. exf5 O-O 17. h4 Nd4 18. Qg2 Nxf5 19. g4 Nd4 20. Qxb7 Nxg4 21.
Qd5 Qf6+ 22. Ke1 Nc2+ 23. Kd1 Nce3+ 24. Bxe3 Nxe3+ 25. Kc1 Nxd5 26. cxd5 Qf4+
27. Kc2 Rab8 28. Rhf1 Qh2+ 29. Kc3 Rxb5 30. a4 Qxb2+ 31. Kc4 Qb4# 0-1

[Event "ITA-chT"]
[Site "Arvier"]
[Date "2012.04.28"]
[Round "2"]
[White "Borgo, Giulio"]
[Black "De Eccher, Stefano"]
[Result "1-0"]
[WhiteElo "2397"]
[BlackElo "2222"]
[PlyCount "75"]
[EventDate "2012.04.27"]
[EventType "team-swiss"]
[EventRounds "7"]
[EventCountry "ITA"]
[SourceTitle "CBM 148 Extra"]
[Source "ChessBase"]
[SourceDate "2012.06.22"]
[SourceVersion "1"]
[SourceVersionDate "2012.06.22"]
[SourceQuality "1"]
[WhiteTeam "Chieti"]
[BlackTeam "Triestina"]
[WhiteTeamCountry "ITA"]
[BlackTeamCountry "ITA"]

1. e4 e5 2. Nf3 Nc6 3. c3 Nf6 4. d3 Be7 5. b4 a6 6. Nbd2 O-O 7. Be2 d5 8. a3
Re8 9. O-O Bf8 10. Re1 g6 11. Bb2 Bg7 12. Qc2 Nh5 13. Rad1 Nf4 14. Bf1 d4 15.
cxd4 Nxd4 16. Nxd4 exd4 17. Nb3 Qg5 18. Bc1 Qh4 19. g3 Nh3+ 20. Kh1 Qh5 21. f4
Bg4 22. Rd2 g5 23. Bxh3 Qxh3 24. Rf2 h5 25. fxg5 h4 26. Bf4 hxg3 27. Bxg3 Be5
28. Rg1 Re6 29. Rgg2 Rc6 30. Nc5 Bd6 31. Qd2 a5 32. Bxd6 cxd6 33. Qf4 Bh5 34.
g6 f5 35. Rg3 Qxg3 36. hxg3 dxc5 37. exf5 axb4 38. Qh6 1-0

[Event "BUL-ch"]
[Site "Panagyurishte"]
[Date "2012.04.26"]
[Round "9"]
[White "Radulski, Julian"]
[Black "Enchev, Ivajlo"]
[Result "1-0"]
[WhiteElo "2552"]
[BlackElo "2432"]
[PlyCount "77"]
[EventDate "2012.04.18"]
[EventType "tourn"]
[EventRounds "11"]
[EventCountry "BUL"]
[EventCategory "11"]
[SourceTitle "CBM 148 Extra"]
[Source "ChessBase"]
[SourceDate "2012.06.22"]
[SourceVersion "1"]
[SourceVersionDate "2012.06.22"]
[SourceQuality "1"]

1. e4 e5 2. Nf3 Nc6 3. c3 Nf6 4. d4 Nxe4 5. d5 Ne7 6. Nxe5 Ng6 7. Nxg6 hxg6 8.
Bd3 Nd6 9. O-O Be7 10. Re1 O-O 11. Bf4 Nf5 12. Bxf5 gxf5 13. Bxc7 Qxc7 14. Rxe7
Qd6 15. Re1 b5 16. Na3 a6 17. Qd3 f4 18. c4 Bb7 19. cxb5 Qxd5 20. Qxd5 Bxd5 21.
Red1 Be6 22. Rd4 Rfb8 23. Rxf4 axb5 24. Rb4 Ra4 25. Rxb5 Rxb5 26. Nxb5 Rxa2 27.
Rxa2 Bxa2 28. f4 Kf8 29. Kf2 Ke7 30. Ke3 Ke6 31. b4 Bc4 32. Nc3 Bf1 33. g3 Kf5
34. b5 Kg4 35. b6 Ba6 36. Ne4 Kh3 37. Nc5 Bc8 38. Nxd7 Kxh2 39. Kf2 1-0